[Event "Corus"]
[Site "Wijk aan Zee"]
[Date "2006.01.25"]
[Round "10"]
[White "Topalov, Veselin"]
[Black "Aronian, Levon"]
[Result "1-0"]
[WhiteElo "2801"]
[BlackElo "2752"]
[Annotator "Gershon,A"]
[PlyCount "87"]
[EventDate "2006.01.14"]
[EventType "tourn"]
[EventRounds "13"]
[EventCountry "NED"]
[EventCategory "19"]
[SourceTitle "CBM 111"]
[Source "ChessBase"]
[SourceDate "2006.04.04"]
[SourceVersion "1"]
[SourceVersionDate "2006.04.04"]
[SourceQuality "1"]

{[%mdl 1]} 1. d4 Nf6 2. c4 e6 3. Nf3 b6 4. g3 Ba6 5. b3 Bb4+ 6. Bd2 Be7 7. Bg2
c6 8. Bc3 (8. Nc3 {is gaining some popularity in recent years, mainly due to
the fact that main lines (one of which we will see here) don't seem to promise
White much. Well, Topalov's defenitely intending to change that.}) 8... d5 9.
Ne5 Nfd7 10. Nxd7 Nxd7 11. Nd2 O-O 12. O-O Nf6 ({In a recent world
championships (San Luis 2005), Anand continued} 12... Rc8 13. e4 c5 14. exd5
exd5 15. dxc5 dxc4 16. c6 cxb3 17. Re1 b2 {- it's all theory so far -} 18. Bxb2
Nc5 19. Nc4 Bxc4 20. Qg4 Bg5 21. Qxc4 Nd3 22. Ba3 Nxe1 23. Rxe1 {actually, it
is still theory} Re8 24. Rxe8+ {and only this was Topalov's novelty.} Qxe8 25.
Bd5 {with definitely sufficient compensation, but perhaps not more.}) 13. e4 b5
{One of the most critical positions in the Queen's Indian, and about one year
ago it was considered to give Black a rock solid equality.} 14. exd5 (14. Re1 {
used to be almost automatic for many years, but Black learned to equalize:}
dxe4 15. Qc2 Rc8 16. Rad1 Nd5 $1 {and now accepting the sac gives Black a
strong initiative on the queenside.} 17. cxd5 cxd5 {with a very impressive
pawn mass in the center - Black has nothing to worry about.}) 14... exd5 {
This move got many headlines after Anand beat Adams with it, utilizing a...
strong positional exchange sacrifice:} (14... cxd5 15. c5 $1 b4 16. Bxb4 Bxf1
17. Bxf1 e5 18. Bc3 a5 19. a3 Ne4 20. Nxe4 dxe4 21. b4 {1-0 Anand,V (2786)
-Adams,M (2741)/Wijk aan Zee 2005/CBM 105/ [Tyomkin,D]}) 15. Re1 Rb8 16. c5 ({
in Bologan - Sadvakasov, Pojkovsky 2005 White continued} 16. a3 {but after} Re8
17. c5 Bc8 18. b4 Qc7 19. a4 a6 20. axb5 axb5 21. Nb3 Bf5 {he had no advantage.
}) 16... Bc8 {The bishop has no longer anything to do on the queenside.} 17.
Nf3 Ne4 18. Rxe4 $1 {Out of the blue... Actually, Levon was an innocent victim
of a bomb designed for somebody else. Topalov later admitted this idea to be
prepared for San Luis. But note an interesting tendency: all the noisy
novelties lately are somehow connected with exchange sacrifices, maybe we
should re-evaluate the relative strengths of knight/bishop and a rook?} ({
Until now White played} 18. Ne5 $5 {and this looks like a gun shot towards a
bunker} Nxc3 19. Qd3 Qc7 20. Qxc3 Re8 21. a4 b4 22. Qf3 Bf8 {and White failed
to get anything in the two encounters between Kramnik (White) and Leko in
Dortmund 2004.}) 18... dxe4 19. Ne5 {White's idea is very logical (like all
strong ideas, once executed - they all look so natural and easy).. The pawn on
d5 was a key defender of the h1-a8 diagonal, and now all Black's queenside is
compromised, along with the center, of course.} Qd5 $1 {A good reaction by
Aronian, especially given that he had to face a strong novelty over the board.}
({A passive defence, like} 19... Qc7 {will not do it:} 20. Bxe4 b4 21. Bd2 Bd7
(21... Bxc5 22. Nxc6) (21... f5 22. Bg2 Bb7 23. Qe2 Bf6 24. Qc4+ Kh8 25. Bf4 {
is bad for Black.}) 22. Bf4 Qb7 23. Qd3 {it's hard to see why the rook on b8
is stronger than a knight on e5, but even if one manages to see the 'why', he
can win the exchange back with Nxd7.}) 20. Qe1 $1 {Continuing the analysis.} ({
Bad is} 20. Qc2 {as now,} f5 {cannot be met with} 21. f3 $2 {due to} Bxc5 $1
22. dxc5 Qxc5+ 23. Kh1 b4 {and Black even wins because of the unfortunate
position of White's queen.}) 20... Bf5 ({But now} 20... f5 21. f3 {is already
very strong - Black's light bishop will have to protect c6 for the rest of the
game.}) 21. g4 $1 {A strong idea, which was suggested by Cheparinov (according
to Topalov, at least).} Bg6 22. f3 {Here Topalov was still within his home
preparation whereas Aronian had to carefully weigh each move.} ({it's still
too early to snatch material:} 22. Nxg6 hxg6 23. Qxe4 Qxe4 24. Bxe4 b4 25. Bb2
Rfc8 {followed by Bf6, with a good position for Black, perhaps even better.})
22... b4 $2 {A mistake, allowing White to control the center, which will in
the end decide the game.} (22... Bxc5 $1 23. dxc5 Qxc5+ 24. Kh1 b4 25. Bb2 Qc2
26. Qc1 Qe2 {was better, as the white king's is in a somewhat exposed position
which promises Black counterplay.}) 23. fxe4 Qe6 24. Bb2 Bf6 ({Perhaps Aronian
was planning on} 24... f6 {but after} 25. Nxg6 hxg6 26. Qg3 {with a lethal
Bf1-c4 reansfer, Black has every reason to get depressed.}) 25. Nxc6 $1 {
Another great move by Topalov, giving him two strong passered in the center.} (
{a slighly worse version (with a 180 degree difference in the eventual
evaluation) arises after:} 25. d5 Qe8 26. Nxg6 Bxb2 27. Nxf8 Bxa1 28. Qxa1 cxd5
29. exd5 Qe3+ 30. Kh1 Kxf8 $19 {and Black's threats to white king will be much
stronger than the white runners.}) 25... Qxc6 26. e5 Qa6 27. exf6 Rfe8 {
Intenting to invade along the e-file, and get counterplay on the 2nd rank.} ({
After} 27... Qxf6 28. Qf2 $1 Qg5 29. d5 Qxg4 30. Qd4 Qxd4+ 31. Bxd4 {Black's
position is totally hopeless.}) 28. Qf1 $1 {Another strong move, depriving
Black of any counterplay.} ({If white snoozes with} 28. Qf2 Re2 29. Qg3 Rbe8
30. Bf1 Qc8 31. Bxe2 Rxe2 {,he suddenly finds himself in danger of losing.}) (
28. Qg3 Qxf6) 28... Qe2 $1 29. Qf2 $1 {We're used to see kings performing all
kinds of gracious triangles, but queens?! In any case, the World Champion's
last maneuver didn't allow Black to enter the second rank, and with this all
hopes for counterplay are gone.} (29. Qxe2 Rxe2 30. Bc1 Re1+ 31. Kf2 Rbe8 $132)
29... Qxg4 ({After} 29... Qd3 30. Bf1 Qe4 31. h3 {Black will have another
headache on a kingside.}) 30. h3 $1 {When you know what you want, everything
is so clear... even simple.} Qg5 (30... Qh5 31. Re1 {That's it. Preparational
moves are over, and once White starts moving his pawns - it's won't be a nice
sight.}) 31. Bc1 $1 {Transfrering the bishop to a better position, after which
it will be virtually imposible for Black to cope with White's passed pawns.} (
31. d5 {would have been too early due to} Be4) 31... Qh5 ({Perhaps} 31... Qxf6
{was better:} 32. Qxf6 gxf6 33. Bf4 Rbc8 34. Bb7 Rcd8 35. d5 Be4 36. Re1 {
and Black is still holding on, although it should be for long.}) 32. Bf4 Rbd8 (
32... Re2 33. Qg3 {Followed by Bf3.}) 33. c6 {Now it's showtime.} Be4 (33...
Re2 34. c7 Rc8 35. Qf3 Qxf3 36. Bxf3 Rc2 {Black loses because of the 8th rank
weakness.} 37. Re1 gxf6 38. Re7 {with a triumphant d-pawn march.}) 34. c7 Rc8
35. Re1 Qg6 {#} (35... Bxg2 {loses nicely to} 36. Rxe8+ Rxe8 37. Qxg2 Qd1+ 38.
Kh2 g6 39. Qe4 $1 {(Black doesn't even have a check)} Rc8 40. d5 {and Black
can resign.}) 36. Rxe4 $1 {Another exchange sacrifice, and again on e4. Two
white pawns are worth two black rooks.} Rxe4 37. d5 Rce8 38. d6 Re1+ 39. Kh2 {
Black could have resigned already now.} Qf5 40. Qg3 g6 41. Qg5 {The most
precise. Without the queens Black is hopeless.} Qxg5 42. Bxg5 Rd1 43. Bc6 Re2+
(43... Rc8 44. Bf4) 44. Kg3 1-0

[Event "Montecatini Terme"]
[Site "Montecatini Terme"]
[Date "2000.07.31"]
[Round "4"]
[White "Piket, Jeroen"]
[Black "Ivanchuk, Vassily"]
[Result "0-1"]
[WhiteElo "2649"]
[BlackElo "2719"]
[Annotator "Gershon,A"]
[PlyCount "84"]
[EventDate "2000.07.28"]
[EventType "tourn"]
[EventRounds "7"]
[EventCountry "ITA"]
[EventCategory "17"]
[SourceTitle "CBM 079"]
[Source "ChessBase"]
[SourceDate "2000.11.21"]
[SourceVersion "1"]
[SourceVersionDate "2000.11.21"]
[SourceQuality "1"]

1. d4 Nf6 2. c4 e6 3. Nf3 b6 4. g3 Ba6 5. Qa4 Be7 {Ivanchuk deviates from the
common lines arising after 5...c5, and goes for a solid continuation not
disclosing his plans yet.} 6. Bg2 O-O (6... Bb7 7. O-O O-O 8. Nc3 c5 9. dxc5
Bxc5 10. Bf4 d5 11. Ne5 Qe7 12. cxd5 exd5 13. Nd3 h6 14. Rfd1 Rd8 15. Rac1 a6
16. Nxc5 bxc5 17. Qb3 $16 {1-0 Bjarnason,S-Thorfinnsson,B/Hafnarfjordur 1995/
EXT 98 (26)}) (6... Qc8 7. Nc3 Bb7 8. O-O O-O 9. Rd1 Ne4 (9... d5 $143 $6 10.
cxd5 exd5 11. Bf4 Nbd7 12. Rac1 c5 $6 (12... c6) 13. Ne5 Rd8 14. Bh3 $16 {
1-0 Neuman,P-Jurasek,M/CZE 1997/EXT 98 (28)}) 10. Bd2 f5 11. d5 Nxd2 12. Rxd2
Bf6 13. Nd4 Bxd4 14. Rxd4 e5 15. Rd2 d6 16. Rc1 a5 17. a3 Qd8 18. Qc2 Nd7 19.
b4 Qf6 20. Nb5 $14 {1/2-1/2 Polyakov,S-Lugovoi,A/Moscow 1998/EXT 99 (41)}) 7.
O-O (7. Ne5 c6 (7... d5 8. Nc3 c6 9. Nxc6 Nxc6 10. Qxa6 Nxd4 11. Qa4 Bb4 12. e3
Bxc3+ 13. bxc3 Nf5 14. cxd5 exd5 15. O-O $14 {1/2-1/2 Sorin,A-Iglesias,L/Boca
1997/CBM 58 ext (37)}) 8. Nc3 Qe8 9. O-O d5 10. cxd5 cxd5 11. Qxe8 Rxe8 12. Re1
Nbd7 13. Nxd7 Nxd7 14. e4 dxe4 15. Bxe4 Rac8 16. d5 Nc5 17. dxe6 fxe6 18. Bf4
Bf6 $15 {1/2-1/2 Mastrovasilis,A-Istratescu,A/Athens GRE 2000/The Week in
Chess 297 (40)}) 7... c6 8. Ne5 {Allowing black to play b6-b5} (8. Nc3 d5 9.
cxd5 cxd5 10. Ne5 Qe8 $5 {would transfer into Mastrovasilis,A-Istratescu,A/
Athens)}) 8... b5 9. cxb5 cxb5 10. Qd1 d5 11. Nd2 {[%csl Rc5][%cal Gd2b3,Ge5d3,
Yb3c5,Yd3c5]} b4 {[%cal Ga6e2] A very important move in black's strategy,
gaining extra space on the Q side and preventing white's N from going to d3}
12. Re1 Qb6 13. Nb3 Nbd7 14. Bg5 $4 {an unbelievable blunder for such a strong
player as Piket, throuwing the game away on move 14!} (14. Nxd7 Nxd7 15. Bf4
Rac8 16. Qd2 $11) (14. Bf4 $5) 14... Nxe5 15. Bxf6 $8 (15. dxe5 Ng4 16. e3 (16.
Bxe7 Qxf2+ 17. Kh1 Ne3 $19) 16... Nxf2 17. Kxf2 Bxg5 $19) 15... Bxf6 16. dxe5
Bxe5 {Now, beside the extra pawn black has a pair of B's and the more active
pieces.} 17. Qd2 Rac8 18. Rac1 h6 {After one pair of rooks is changed the 8th
rank can become vulnerable, this explains black's last profilactic move.} 19.
e4 {White's position is too passive to do nothing... he needs some air for his
pieces} (19. Rxc8 Rxc8 20. Rc1 Bc4 $19) 19... dxe4 20. Bxe4 {[%csl Re5][%cal
Ge4h7]} Bf6 21. Rxc8 Rxc8 22. Rc1 Rd8 (22... Rxc1+ $143 23. Qxc1 {Would've
given up an active R.. White's R will be restricted by the bishops.}) 23. Qc2
Bg5 {aking over the 'c' file} 24. Rd1 Rc8 25. Qb1 {The last four moves by
white were absolutely forced} Bf6 26. Rd2 (26. Rc1 Rd8 27. Rc6 Qb5 $19 {
[%cal Gb5e2]}) 26... Bb5 $1 {[%csl Rb3][%cal Ga7a4]} 27. Qd1 a5 28. Nd4 Bg5 29.
f4 {[%csl Rg1][%cal Gb6g1]} (29. Rc2 Rd8 {May I suggest a new screensaver
based upon this game: "The dancing rook" ?}) 29... Bf6 30. Kg2 Be8 31. b3 a4
32. bxa4 {[%csl Rc4]} (32. Bf3 axb3 33. axb3 Rc3) 32... Rc4 33. a5 Qxa5 34. Nb3
Qc7 35. Bf3 g5 $1 36. fxg5 hxg5 {[%csl Rg2][%cal Gg5g4,Ye8c6,Yc6g2]} 37. Rf2
Kg7 38. Nd2 Rc1 39. Qb3 Bd4 40. Re2 Qc5 (40... Rg1+ 41. Kh3 Qc5 {[%cal Gc5f5,
Gf5h7] also win}) 41. h3 Rg1+ 42. Kh2 Qc1 {There is no defense against the Rh1,
Qg1# threat.} (42... Qc1 43. h4 g4 44. Bg2 Rh1+ 45. Bxh1 Qg1#) 0-1

[Event "Yongchuan zt 3.3"]
[Site "Yongchuan"]
[Date "2003.07.21"]
[Round "9"]
[White "Wang, Rui"]
[Black "Yu, Shaoteng"]
[Result "1-0"]
[WhiteElo "2481"]
[BlackElo "2508"]
[Annotator "Gershon,A"]
[PlyCount "73"]
[EventDate "2003.07.11"]
[EventType "tourn"]
[EventRounds "11"]
[EventCountry "CHN"]
[EventCategory "12"]
[SourceTitle "CBM 097"]
[Source "ChessBase"]
[SourceDate "2003.11.11"]
[SourceVersion "1"]
[SourceVersionDate "2003.11.11"]
[SourceQuality "1"]

1. d4 Nf6 2. c4 e6 3. Nf3 b6 4. g3 Ba6 5. b3 Bb4+ 6. Bd2 Be7 7. Bg2 c6 8. Ne5
d5 9. Bc3 Nfd7 10. Nxd7 Nxd7 11. Nd2 O-O 12. O-O Nf6 13. e4 b5 14. Re1 dxe4 15.
Qc2 Rb8 16. Rad1 Qc8 (16... Qc7 $143 17. Bf1 (17. Nxe4 bxc4 18. Nxf6+ Bxf6 19.
bxc4 c5 20. d5 Bxc3 21. Qxc3 exd5 22. Bxd5 Bb7 23. Qe5 Rbc8 24. Qxc7 Rxc7 25.
Bxb7 Rxb7 26. Rd5 $14 {1/2-1/2 Karpov,A-Leko,P/Linares ESP 2001/The Week in
Chess 330 (57)}) 17... bxc4 18. bxc4 c5 19. dxc5 Bb7 20. Nb3 Nd7 21. Qb2 g6 22.
Bg2 f5 23. Nd4 Nxc5 24. Nb5 Qb6 $17 {0-1 Timman,J-Anand,V/Wijk aan Zee NED
2001/The Week in Chess 325 (30)}) 17. Bf1 (17. Ba5 $143 bxc4 18. bxc4 c5 19.
Nxe4 cxd4 20. Rxd4 Nxe4 21. Bxe4 (21. Rdxe4 $142 Bc5 $15) 21... f5 $1 $15 {
1/2-1/2 Beliavsky,A-Gershon,A/Ohrid 2001/CBM 84/[Gershon] (51). (50)}) 17...
bxc4 18. bxc4 c5 19. Nxe4 cxd4 20. Nxf6+ (20. Bxd4 Nxe4 21. Qxe4 Bb7 22. Qe5
Bf6 23. Qc5 Bxd4 24. Qxc8 Rfxc8 25. Rxd4 Bc6 {1/2-1/2 Karpov,A-Anand,V/Monaco
MNC 2001/The Week in Chess 332 (25)}) 20... Bxf6 21. Bxd4 Bxd4 22. Rxd4 Qc5 23.
Red1 g6 24. Qa4 $146 {White's plan consists of targeting those of black pieces
that are attacking the weak 'c' pawn.} (24. Qc3 Rbc8 25. h4 h5 26. R1d2 Bb7 $15
{1/2-1/2 Kallai,G-Adams,M/Montpellier FRA 2001/The Week in Chess 339 (32)})
24... Bb7 (24... Rb6 $5 25. Bg2 e5 (25... Kg7) (25... Rc8 $11) 26. R4d2 Qxc4
27. Qd7 $44 {[%cal Gg2d5]}) 25. Qb5 Qa3 ({of course not} 25... Rfc8 $4 26. Rd8+
) 26. Qb3 Qa6 $6 (26... Qc5 $11) 27. Rd6 Qa5 28. Qc2 Qc5 {the numerous
manuoevres have yielded virtually nothing to either side.} 29. Qc3 Rbc8 $6 (
29... Bd5 30. Ra6 Rbc8 ({but not:} 30... Rfc8 $2 31. Qe5 $1 Bxc4 (31... Bb7 32.
Qxc5 Rxc5 33. Rxa7 $16) 32. Rd8+ Rxd8 33. Qxc5 Bxa6 34. Bxa6 $18) 31. Qd4 Bxc4
32. Qxc5 Rxc5 33. Bxc4 Rxc4 34. Rxa7 $14) 30. Qf6 a5 31. h4 Bd5 $4 {losing on
the spot to:} (31... Be4 $11) 32. h5 $1 {a winning intermediate move, which
black must have overlooked in his calculations} h6 33. R1xd5 exd5 34. hxg6 $18
fxg6 (34... dxc4 35. g7 Rfe8 36. Qxh6) 35. Qxg6+ {the rest needs no comment}
Kh8 36. Qxh6+ Kg8 37. Qg5+ (37. Qg5+ Kf7 38. Qg6+ Ke7 39. Qe6#) 1-0

[Event "Cannes NAO Masters"]
[Site "Cannes"]
[Date "2002.02.26"]
[Round "5"]
[White "Lautier, Joel"]
[Black "Gelfand, Boris"]
[Result "1/2-1/2"]
[WhiteElo "2687"]
[BlackElo "2703"]
[Annotator "Gershon,A"]
[PlyCount "107"]
[EventDate "2002.02.22"]
[EventType "tourn"]
[EventRounds "9"]
[EventCountry "FRA"]
[EventCategory "18"]
[SourceTitle "CBM 088"]
[Source "ChessBase"]
[SourceDate "2002.03.21"]
[SourceVersion "1"]
[SourceVersionDate "2002.03.21"]
[SourceQuality "1"]

1. d4 Nf6 2. c4 e6 3. Nf3 b6 4. g3 Ba6 5. Qb3 Nc6 6. Nbd2 Na5 7. Qc3 (7. Qc2 c5
8. e4 cxd4 9. e5 Ng4 (9... Ng8 $143 $2 10. Bd3 Rc8 11. O-O f5 12. exf6 Nxf6 13.
Ng5 Qc7 14. b3 Bd6 15. Bxh7 Ke7 16. Qg6 Rcf8 17. Qxg7+ $18 {1-0 Panchenko,
A-Pogorelov,R/Gyor 1990/EXT 97 (43)}) 10. h3 Nh6 11. Bd3 Bb7 12. O-O Nc6 13. a3
d6 14. Qa4 Qd7 15. exd6 Bxd6 16. Ne4 Be7 17. Bxh6 gxh6 18. Rfe1 O-O 19. Qc2 Kh8
20. b4 f5 $132 {0-1 Grivas,E-Bagaturov,G/Chania 2000/EXT 2001 (41)}) 7... c5 8.
dxc5 bxc5 9. e4 Bb7 (9... d6 10. a3 Bb7 11. b4 Nc6 12. Bg2 Be7 13. b5 Qa5 14.
Qd3 Ne5 15. Nxe5 dxe5 16. O-O O-O 17. a4 Rfd8 18. Qc2 Rd7 19. Nb3 Qc7 20. Bd2
Qd6 21. Be3 Qc7 22. Rfd1 Rad8 23. f3 Rxd1+ 24. Rxd1 Rxd1+ 25. Qxd1 Nd7 26. Qd3
$14 {1/2-1/2 Kramnik,V-Almasi,Z/Monaco MNC 2002/The Week in Chess 385 (75). 
(74)}) 10. e5 Ne4 11. Nxe4 Bxe4 {White has a bit more space, but black has
good places for his pieces.} 12. Bg2 Be7 13. O-O O-O 14. Bd2 ({After the
naturally looking} 14. Be3 {white would find it difficult to get rid of the
black bishop on e4} Nc6 {[%cal Gd8a5,Ga8b8] an the position is about equal})
14... Nc6 {[%csl Re5][%cal Gc6d4,Yf7f6]} 15. Qe3 {the bishop must go now,
which seems to give white an edge, but...} Bxf3 16. Bxf3 Nd4 17. Bc3 {white
must solve the "knight issue" fast. if black is able to play f6 and Bxf6 he
would get a hold of the 'd4' square for good.} (17. Bxa8 $143 Qxa8 {[%cal
Gd4f3]} 18. f3 Nc2 19. Qd3 Nxa1 20. Rxa1 Qc6 {[%cal Gf7f6] is good for black!})
17... Nxf3+ (17... Nc2 {is bad due to:} 18. Qd3 ({less is:} 18. Qe4 Nxa1 19.
Qxa8 Qxa8 20. Bxa8 Rxa8 21. Rxa1 Rb8 22. Rd1 Rb7 23. b3 {is unpleasant for
black - his pawns are weak and the bishop more passive.}) 18... Nxa1 19. Bxa8
Qxa8 20. Qxd7 $16 {winnning a pawn}) 18. Qxf3 f6 {[%cal Gf6e5]} 19. Rad1 (19.
exf6 {would allow black an interesting possibility:} Bxf6 20. Rad1 Bd4 $5 (
20... Rb8 {would transpose to the game eventually}) 21. Qe4 e5 {black is
getting a strong hold of the center in compensation for weakening his pawn
structure.}) 19... Rb8 20. Qe3 Qc7 21. Rd3 {[%csl Rd7]} Qc6 22. Rfd1 {white is
builing up pressure against black's only weakness - "d7".} Rb7 23. exf6 Bxf6
24. Rd6 Qc8 25. Bxf6 Rxf6 26. b3 {White surely has an advantage here, as he
has the more active pieces and no structural weaknesses. However, black has
only one reachable weakness (d7). His immediate plan is to exchange one pair
of rooks and reduce the pressure along the 'd' file} Rf7 27. R1d3 $6 {with the
idea of tripling along the 'd' file} (27. R1d2 $142 {[%cal Ge3e2,Ge2d1]
leaving a square for the other rook} h6 (27... Rb6 $140 28. R6d3) 28. Qe2 Kf8
29. Qd1 Ke8 30. Qh5 {black would still have to suffer a bit.}) 27... Rb6 $1 28.
Qd2 Rxd6 29. Rxd6 Qc7 {now it's impossible to break through - black's position
is way too solid.} 30. Rd3 Kf8 31. Qe3 Rf5 (31... Ke7 $6 32. Rd5 d6 33. f4) 32.
Qe4 h6 33. h4 Ke7 {black has maximally improved his pieces.} 34. Re3 Rf6 35.
Qh7 Rf7 36. Qd3 Qd6 37. Qc3 (37. Qxd6+ Kxd6 {only black can be better here,
thanks to his potential in the center.}) 37... Qc6 38. Re5 d6 39. Re3 Rf6 40.
Qd3 Kf7 41. Re4 e5 {black is constantly improving on his position. The rook is
doing a fine job both defending and attacking and suddenly black's position
looks preferable. White must take measures to ensure the equality} 42. Re3 Qc8
43. Qd2 {[%cal Gb3b4]} Qf5 44. Rd3 (44. b4 $2 Qb1+ 45. Kg2 Qxb4 $15) 44... Ke7
45. a3 a5 46. b4 axb4 47. axb4 cxb4 48. Rb3 {with all the queen side pawns
gone the draw is inevitable} Kf7 49. Rxb4 Kg6 50. Rb6 Qe4 51. Rxd6 Qxc4 52. Rd5
Qe4 53. Rd3 Ra6 54. Rd6+ (54. Rd6+ Rxd6 55. Qxd6+ {needs no comment}) 1/2-1/2